| 000 | 00947cam a2200289 i 4500 | ||
|---|---|---|---|
| 001 | 2726383 | ||
| 003 | ARRUPE | ||
| 005 | 20141202145949.0 | ||
| 008 | 770915s1977 enk b 000 0 eng | ||
| 010 | _a 77367487 | ||
| 015 | _aGB*** | ||
| 020 |
_a0197259758 : _c£3.00 |
||
| 040 |
_aDLC _cDLC _dDLC |
||
| 050 | 0 | 0 |
_aBJ1031 _b.H34 |
| 082 | 0 | 0 | _a170/.92/2 |
| 100 | 1 |
_aHampshire, Stuart, _d1914-2004. _913001 |
|
| 245 | 1 | 0 |
_aTwo theories of morality / _cby Stuart Hampshire. |
| 260 |
_aOxford : _bPublished for the British Academy by Oxford University Press, _c1977. |
||
| 300 |
_a95, [1] p. ; _c22 cm. |
||
| 440 | 0 |
_aThank-offering to Britain Fund lectures ; _v1976 _913002 |
|
| 504 | _aBibliography: p. [96] | ||
| 600 | 0 | 0 |
_aAristotle _xEthics. _913003 |
| 600 | 1 | 0 |
_aSpinoza, Benedictus de, _d1632-1677 _xEthics. _913004 |
| 650 | 0 |
_aEthics, Ancient. _99872 |
|
| 906 |
_a7 _bcbc _corignew _d3 _encip _f19 _gy-gencatlg |
||
| 942 |
_2lcc _cMONOGRAPH |
||
| 999 |
_c121370 _d121370 |
||